Brideshead Revisited (Record no. 3970)

MARC details
000 -CABECERA
campo de control de longitud fija 00669nam a2200229 a 4500
001 - NÚMERO DE CONTROL
campo de control BRCA_4259
005 - FECHA Y HORA DE LA ÚLTIMA TRANSACCIÓN
campo de control 20190320204614.0
008 - DATOS DE LONGITUD FIJA--INFORMACIÓN GENERAL
campo de control de longitud fija 150610s1946----u--#######---#000-0#eng-#
041 ## - CÓDIGO DE LENGUA
Código de lengua del texto/banda sonora o título independiente eng
044 ## - CÓDIGO DEL PAÍS DE LA ENTIDAD EDITORA/PRODUCTORA
Código MARC del país u
050 #4 - SIGNATURA TOPOGRÁFICA DE LA BIBLIOTECA DEL CONGRESO
Número de clasificación PZ3
Número de documento/Ítem .W38 1946
100 1# - ENTRADA PRINCIPAL--NOMBRE DE PERSONA
Nombre de persona Waugh, Evelyn
9 (RLIN) 10984
245 10 - MENCIÓN DE TÍTULO
Título Brideshead Revisited
Resto del título the Sacred and Profane Memories of Captain Charles Ryder
Mención de responsabilidad, etc. a novel by Evelyn Waugh.
260 ## - PUBLICACIÓN, DISTRIBUCIÓN, ETC.
Lugar de publicación, distribución, etc. Boston
Nombre del editor, distribuidor, etc. Little, Brown
Fecha de publicación, distribución, etc. 1946
300 ## - DESCRIPCIÓN FÍSICA
Extensión 351 p.
Dimensiones 20 cm.
500 ## - NOTA GENERAL
Nota general Estado físico: Camisa deteriorada
500 ## - NOTA GENERAL
Nota general AM72
650 14 - PUNTO DE ACCESO ADICIONAL DE MATERIA--TÉRMINO DE MATERIA
Término de materia o nombre geográfico como elemento de entrada Literatura estadounidense
9 (RLIN) 10985
650 14 - PUNTO DE ACCESO ADICIONAL DE MATERIA--TÉRMINO DE MATERIA
Término de materia o nombre geográfico como elemento de entrada Novela
Subdivisión geográfica Estados Unidos
9 (RLIN) 10986
902 ## - CATALOGADOR
Iniciales GFM
942 ## - ELEMENTOS DE PUNTO DE ACCESO ADICIONAL (KOHA)
Fuente del sistema de clasificación o colocación Library of Congress Classification
Tipo de ítem Koha Libros
Holdings
Estado de retiro Estado de pérdida Estado dañado No para préstamo Localización permanente Ubicación/localización actual Fecha de adquisición Número de inventario Total de préstamos Signatura topográfica completa Código de barras Fecha visto por última vez Precio válido a partir de Tipo de ítem Koha
El ejemplar forma parte de la colección y puede ser consultado según las políticas vigentes.       Biblioteca del Museo Franz Mayer (Rogerio Casas-Alatriste) Biblioteca del Museo Franz Mayer (Rogerio Casas-Alatriste) 15/06/2010 AM72   PZ3 .W38 1946 (AM72) 4256 22/03/2019 22/03/2019 Libros